000 00720nam a22001937a 4500
005 20251108165313.0
008 250721s1994 xx 000 0 ara d
082 1 4 _a632.09565/محم
100 1 _aأبو غربية، " محمد وليد "
245 1 0 _aنيماتود تعقد الجذور في الأردن :
_bدراسات حول أنواعها و نشاطاتها الحيوية و مكافحتها /
250 _aط2 . ، منقحة
264 1 _aعمان :
_bالجامعة الأردنية - عمادة البحث العلمي،
_c1994.
300 _a97ص
650 1 7 _aأمراض النبات
650 1 7 _aالأردن
650 1 7 _aالآفات الزراعية
942 _2ddc
_cBK
999 _c24603
_d24603